000 00727nam a22001931i 4500
001 000030532
003 RuMoIPM
005 20260512113450.0
008 130416s1968----ur | c rus
040 _aRuMoIPM
_brus
_ercr
041 0 _arus
080 _a51(07)
100 1 _aСивашинский, Израиль Хаимович
245 1 _aЗадачи по математике для внеклассных занятий
_b(9-10 классы)
_cИ. Х. Сивашинский ; Под ред. В. Г. Болтянского
260 _aМосква
_bПросвещение
_c1968
300 _a312 с.
_bчерт.
700 1 _aБолтянский, Владимир Григорьевич
_eред.
942 _cBK
999 _c30532
_d30532